1268 1906 1809 1558 1579 1216 1475 1456 1606 1227 1821 1179 1815 1036 1957 1915 1880 1449 1390 1296 1154 1992 1054 1120 1309 1415 1941 1410 1596 1568 1889 1777 1303 1457 1232 1662 1265 1016 1101 1981 1484 1540 1990 1180 1398 1136 1230 1055 1139 1226 1265 1759 1541 1851 1914 1053 1226 1823 1545 1800 1752 1230 1850 1516 1799 1360 1631 1594 1896 1815 1275 1206 1462 1718 1032 1951 1454 1768 1466 1293 1026 1328 1774 1830 1366 1478 1512 1144 1714 1982 1379 1531 1112 1138 1583 1844 1085 1267 1093 BCNSPRNW ULIB Ver.6.0+V

เปลี่ยนเป็นภาษาไทย

Change to English
 แสดงรายละเอียดบรรณานุกรม
  กลับหน้าหลัก

Brief Record : Get Marc (ISO 2709) : E-mail record : QR code < ปิดหน้าต่าง
LEADER : 00000nam 2200000uu 4500
001    13399114440
003     ULIB
008    110627s||||||||th 000 0 tha d
020    9789747503142
090    นว.^bดบ911ก
100 0  ซอย ยูริ
245 00 กรุ่นกลิ่นไปรักดอกไม้แดง 1/^cซอย ยูริ
250    พิมพ์ครั้งที่ 2
260    กรุงเทพฯ :^bแจ่มใส,^c2550
300    223 หน้า
710 1  แจ่มใส
945    ^p159^l0^i021044
995    ทศพร
999 ^a ใช้งานได้ทุกระบบ
รายการนี้ยังไม่มีแท็ก
คุณยังไม่ได้ล็อกอิน คุณสามารถมีกิจกรรมร่วมกับเว็บไซต์ได้ แต่ต้องล็อกอินก่อน ::
  ล็อกอิน

รายการสื่อสารสนเทศ

ลำดับที่ ประเภท เลขเรียก/บาร์โค้ด สถานที่ สถานะ
1. นวนิยาย
นวนิยาย
นว. ดบ911ก  
  Barcode: 021044
ห้องสมุดวิทยาเขตสวรรค์ประชารักษ์
►นวนิยาย
บนชั้น
  ขอยืม

รายการใกล้เคียง
    ผู้แต่ง [ซอย ยูริ]

BibComment


ยังไม่เคยถูกคอมเมนท์

คอมเมนท์ทรัพยากรรายการนี้
  คอมเมนท์: กรุ่นกลิ่นไปรักดอ..


 Copyright 2026. Bcnsprnw @Library